书目信息 |
| 题名: |
全国高等院校介绍
|
|
| 作者: | ;全国高等院校介绍编辑小组 编辑 | |
| 分册: | 综合院校 | |
| 出版信息: | 北京 科学普及出版社 1983 |
|
| 页数: | 116页 | |
| 开本: | 19cm | |
| 丛书名: | ||
| 单 册: | ||
| 中图分类: | G649.28 | |
| 科图分类: | ||
| 主题词: | 高等学校--简介--中国 | |
| 电子资源: | ||
| ISBN: | ||
| 000 | 00726nam0 2200229 45 | |
| 001 | 0183011095 | |
| 005 | 20060808155539.62 | |
| 010 | @dCNY0.43 | |
| 091 | @aCN@b17051.1018 | |
| 100 | @a19950629d1983 em y0chiy0121 ea | |
| 101 | 0 | @achi |
| 102 | @aCN@b110000 | |
| 105 | @af z 000yy | |
| 200 | 10 | @a全国高等院校介绍@Aquan guo gao deng yuan xiao jie shao@i综合院校@f《全国高等院校介绍》编辑小组编辑 |
| 210 | @a北京@c科学普及出版社@d1983 | |
| 215 | @a116页@c照片@d19cm | |
| 606 | @a高等学校@x简介@y中国 | |
| 690 | @aG649.28@v3 | |
| 711 | 02 | @a全国高等院校介绍编辑小组@Aquan guo gao deng yuan xiao jie shao bian ji xiao zu@4编辑 |
| 801 | 0 | @aCN@bTSSF@c20060808 |
| 801 | 2 | @aCN@bNLC@c20060801 |
| 905 | @a10447@dG649.28@e200 | |
| 全国高等院校介绍.综合院校/《全国高等院校介绍》编辑小组编辑.-北京:科学普及出版社,1983 |
| 116页:照片;19cm |
| ISBN :CNY0.43 |
| ● |
| 相关链接 |
|
|
|
|
正题名:全国高等院校介绍
索取号:G649.28/200
 
预约/预借
| 序号 | 登录号 | 条形码 | 馆藏地/架位号 | 状态 | 备注 |
| 1 | 0441261 | 204412616 | 密集书库/ [索取号:G649.28/200] | 在馆 | |
| 2 | 0447430 | 204474309 | 密集书库/ [索取号:G649.28/200] | 在馆 |